| 000 | 00519nam a22001577a 4500 | ||
|---|---|---|---|
| 003 | OSt | ||
| 005 | 20151002090401.0 | ||
| 008 | 151002b xxu||||| |||| 00| 0 eng d | ||
| 040 | _cRUA | ||
| 082 | _aAVM ឈឿន 1989 B065 Or.1 | ||
| 100 |
_91710 _aឈឿន ថាវី |
||
| 245 | _aរោគវិនិច្ឆ័យនៃជម្ងឺរាគសពួកបក្សីតាមវិធីសេរ៉ូឡូស៊ី | ||
| 260 |
_aPhnom Penh _bRUA _c1989 |
||
| 300 |
_a49p. _bill. _c29cm. |
||
| 942 |
_2ddc _cAVM |
||
| 999 |
_c1614 _d1614 |
||